书目信息 |
| 题名: |
近世计算理论导引
|
|
| 作者: | 黄文奇 , 许如初 著 ;吴文俊 主编 | |
| 分册: | ||
| 出版信息: | 北京 科学出版社 2004.6 |
|
| 页数: | 87页 | |
| 开本: | 24cm | |
| 丛书名: | 数学机械化丛书 | |
| 单 册: | ||
| 中图分类: | TP301.6 | |
| 科图分类: | ||
| 主题词: | 电子计算机--算法理论 , 电子计算机 , 算法理论 | |
| 电子资源: | ||
| ISBN: | 7-03-012617-3 | |
| 000 | 00928nam2 2200301 45 | |
| 001 | 012004000000 | |
| 005 | 20050120090343.70 | |
| 010 | @a7-03-012617-3@b精装@dCNY 20.00 | |
| 100 | @a20041210d2004 em y0chiy0121 ea | |
| 101 | 0 | @achi |
| 102 | @aCN@b110000 | |
| 105 | @aa z 000yy | |
| 200 | 1 | @a近世计算理论导引@Ajin shi ji suan li lun dao yin@eNP难度问题的背景、前景及其求解算法研究@f黄文奇, 许如初著 |
| 210 | @a北京@c科学出版社@d2004.6 | |
| 215 | @a87页@c图@d24cm | |
| 225 | 2 | @a数学机械化丛书@v5@f吴文俊主编 |
| 320 | @a附参考文献 | |
| 410 | 0 | @12001 @a数学机械化丛书 |
| 517 | 1 | @aNP难度问题的背景、前景及其求解算法研究 |
| 606 | 0 | @a电子计算机@x算法理论 |
| 606 | 0 | @a电子计算机 |
| 606 | 0 | @a算法理论 |
| 690 | @aTP301.6@v4 | |
| 701 | 0 | @a黄文奇@Ahuang wen qi@4著 |
| 701 | 0 | @a许如初@Axu ru chu@4著 |
| 702 | 0 | @a吴文俊@Awu wen jun@4主编 |
| 801 | 0 | @aCN@bQSSKw@c20050120 |
| 905 | @a10447@dTP301.6@eH890 | |
| 近世计算理论导引:NP难度问题的背景、前景及其求解算法研究/黄文奇, 许如初著.-北京:科学出版社,2004.6 |
| 87页:图;24cm.-(数学机械化丛书;5/吴文俊主编) |
| ISBN 7-03-012617-3(精装):CNY 20.00 |
| ● |
| 相关链接 |
|
|
|
正题名:近世计算理论导引
索取号:TP301.6/H890
 
预约/预借
| 序号 | 登录号 | 条形码 | 馆藏地/架位号 | 状态 | 备注 |
| 1 | 439537 | 204395378 | 自科库301/301自科库 45排5列3层/ [索取号:TP301.6/H890] | 在馆 | |
| 2 | 439538 | 204395387 | 自科二线404/301自科库 101排3列6层/ [索取号:TP301.6/H890] | 在馆 | |
| 3 | 439539 | 204395396 | 自科库301/301自科库 45排5列3层/ [索取号:TP301.6/H890] | 在馆 |